Statistiques concernant Films avec Claude Gensac par image

Cliquez ici pour prendre le quiz!

Statistiques générales

  • Ce quiz a été pris 36 fois
  • Le résultat moyen est 6 sur 16

Statistiques - réponses

Réponse% Correct
Le Gendarme se marie
100%
Hibernatus
88%
L'Avare
88%
Blanche-Neige
79%
Oscar
58%
L'Aile ou la Cuisse
55%
Jo
48%
Les Grandes Vacances
36%
La Soupe aux choux
27%
Poule et Frites
6%
Le Bal du comte d'Orgel
3%
Le chasseur de chez Maxim's
3%
Le Journal d'une femme en blanc
3%
L'Immortel
3%
Lulu femme nue
3%
Renaud et Armide
3%

Distribution des résultats

Percentile par nombre de réponses

% des personnes avec chaque résultat

Votre développement - résultats

Vous n’avez pas pris ce quiz